000 00315nam a2200133Ia 4500
008 191201s2005 xx 000 0 und d
100 _aNARAYAN, R K
245 4 _aThe Dark Room
250 _aRep
260 _aN.Delhi
_bIndian Thought Publisher
_c2005
300 _a162
650 _aGeneral Books
942 _2ddc
_cBK
999 _c2405
_d2405